[Event "V Copa Marcel Duchamp 2022"]
[Site "Montevideo"]
[Date "2022.02.15"]
[Round "5.8"]
[White "Miranda, Rafael"]
[Black "Diaz Hollemaert, Nahuel"]
[Result "0-1"]
[WhiteElo "2264"]
[BlackElo "2439"]
[Annotator "TA"]
[PlyCount "132"]
[EventDate "2022.02.12"]
[EventCountry "URU"]
[SourceTitle "playchess.com"]
[Source "ChessBase"]
[SourceQuality "1"]

{[%evp 23,132,29,39,25,26,17,19,-6,0,-29,10,0,0,0,0,-29,-33,-35,0,-47,-25,-110,-52,-44,-50,-47,-50,-50,-55,-56,-45,-42,-40,-51,0,-82,-49,-54,-36,-321,-176,-272,-284,-300,-296,-296,-299,-300,-308,-279,-252,-320,-323,-340,-294,-366,-359,-335,-257,-250,-249,-255,-186,-371,-339,-343,-331,-318,-264,-264,-233,-316,-284,-399,-403,-423,-255,-370,-312,-313,-270,-370,-218,-210,-120,-454,-456,-593,-537,-456,-435,-470,-456,-705,-698,-984,-751,-1525,-142,-143,-131,-1535,-1457,-1289,-1277,-1027,-1000,-12840,-12840,-29994,-29995]} 1. e4 e5 2. Nf3 Nc6 3. Bb5 a6 4. Ba4 Nf6 5. O-O b5 6. Bb3 Be7 7. Re1 d6 8. c3 O-O 9. h3 h6 10. d4 Re8 11. Nbd2 Bf8 12. a3 Bb7 13. Ba2 {C93: Closed Ruy Lopez: Smyslov Variation.} Qd7 14. d5 Ne7 {[#]} 15. b3 $146 {The position is equal.} ({Predecessor:} 15. c4 c6 16. b3 Ng6 17. Nf1 a5 18. Ng3 Nf4 19. Nh2 g6 20. Qf3 Bg7 21. Bxf4 exf4 22. Qxf4 cxd5 23. cxd5 {½-½ (88) Erenburg,S (2582)-Stocek,J (2572) Germany 2007}) 15... Ng6 16. Nf1 Nf4 17. Bxf4 exf4 18. Bb1 g6 19. Qd2 Bg7 20. Ra2 Re7 21. Qd3 (21. Qxf4 $11 {feels stronger.} Rae8 22. c4) 21... a5 (21... c6 $5 {[%cal Rc6d5]} 22. c4 cxd5 23. cxd5 Rae8 $15) 22. a4 {[#]} (22. Rae2 $11) 22... bxa4 (22... Rae8 $1 $17 {[%cal Of6d5]} 23. Qd1 c6 24. dxc6 Bxc6 25. axb5 Bxe4) 23. Rxa4 $15 Rae8 24. Qd2 c6 {[%cal Rc6d5]} 25. c4 Nxe4 26. Bxe4 Rxe4 27. Rxe4 Rxe4 28. Qxa5 Bf6 (28... Re7 $15) 29. dxc6 (29. Qb4 $11 {remains equal.} c5 30. Qa3) 29... Bxc6 {A strong pair of Bishops.} 30. Ra2 Re8 31. Kh2 $2 {[%mdl 8192]} ({Better is} 31. Qd2 $15) 31... Rb8 (31... Bxf3 $142 32. gxf3 Re5) 32. N1d2 (32. Qe1 {was necessary.}) 32... Ra8 $19 33. Qxa8+ Bxa8 34. Rxa8+ Kg7 35. Ra5 Bc3 36. Rd5 Bb4 37. Kg1 Qa7 38. Kf1 f5 39. Ke2 Bc5 40. h4 Qe7+ 41. Kf1 Qf6 42. Ke2 Kf7 {Hoping for ...Qe7+.} 43. g3 $2 (43. h5 {was worth a try.}) 43... fxg3 44. fxg3 Qe6+ 45. Kd1 Kf6 46. Rd3 Qe8 47. Kc2 Qa8 {Strongly threatening ...Qa2+.} 48. Kd1 (48. Kb2 $142) 48... Qa1+ 49. Kc2 Ke7 50. Rd5 (50. Nh2 $142) 50... Ke6 51. Rd3 Kf6 52. Rd5 Qa2+ (52... Bb4 $142 {...Qc3+ is the strong threat.} 53. Rd3 Ba3) 53. Kd3 Qb2 (53... Bb4 $19 {White must now prevent ...Qa1.} 54. Rd4 Qa7) 54. Nd4 $2 {[%mdl 8192]} (54. h5 $17) 54... Bb4 {[%csl Gb4][%cal Rb2d2] [#]} 55. N2f3 Qb1+ 56. Ke2 Bc5 57. h5 Qe4+ 58. Kf2 (58. Kd1 $142 Qg4 59. Kc2 Qxh5 60. Nd2) 58... g5 {[%cal Bg6g5,Bg5g4][%mdl 32] And now ...g4 would win.} 59. Kf1 g4 60. Rxf5+ Kg7 $2 (60... Ke7 $19 {has better winning chances.} 61. Rf4 Qd3+ 62. Kg2 gxf3+ 63. Nxf3 Be3) 61. Rf4 $17 Qd3+ 62. Kg2 $2 {[%mdl 8192]} (62. Ke1 $17) 62... gxf3+ $19 63. Nxf3 Be3 64. Rg4+ Kh7 {( -> ...Qe2+)} 65. Nh2 Qe2+ 66. Kh1 Qf2 {Weighted Error Value: White=0.81/Black=0.42} 0-1

[Event "V Copa Marcel Duchamp 2022"]
[Site "Montevideo"]
[Date "2022.02.15"]
[Round "5.9"]
[White "Valerga, Diego"]
[Black "Guerrero, Alvaro"]
[Result "1-0"]
[WhiteElo "2431"]
[BlackElo "2123"]
[Annotator "TA"]
[PlyCount "69"]
[EventDate "2022.02.12"]
[EventCountry "URU"]
[SourceTitle "playchess.com"]
[Source "ChessBase"]
[SourceQuality "1"]

{[%evp 22,69,-23,-26,0,0,0,-25,0,0,0,0,26,0,13,0,37,33,78,83,90,87,98,99,88,87,90,99,101,89,84,77,77,77,73,59,73,81,104,104,106,104,104,104,118,112,304,183,791,718]} 1. d4 Nf6 2. Nf3 e6 3. c4 b6 4. Nc3 Bb4 5. Bg5 {[%cal Bc1g5,Bg5h4,Bh4g3][%mdl 32]} h6 6. Bh4 Bb7 7. e3 g5 8. Bg3 Ne4 9. Qc2 Bxc3+ 10. bxc3 d6 11. Bd3 f5 12. d5 Qf6 {E13: Queen's Indian/Nimzo-Indian hybrid: 4 Nc3 Bb7 5 Bg5 h6 6 Bh4 Bb4.} (12... exd5 13. cxd5 Bxd5 14. Nd4 $14) 13. Bxe4 fxe4 14. Qxe4 ({Don't play} 14. Nd2 exd5 15. cxd5 Bxd5 $17) (14. Nd4 $5 {[%cal Rd4e6]} exd5 15. O-O-O $15) 14... Qxc3+ (14... Na6 $142) 15. Ke2 $11 {[%cal Og3e5] aiming for Be5!} Qb2+ 16. Nd2 Qf6 17. h4 {And now hxg5 would win.} g4 18. h5 $36 {[%mdl 2048] [#] White fights for an advantage.} Qf5 $146 ({Predecessor:} 18... Nd7 19. Bh4 Qf5 20. Qxf5 exf5 21. f4 Kf7 22. Nb3 Bc8 23. Rac1 Re8 24. Kd3 Re4 {0-1 (34) Tang,A (2513)-Nakamura,H (2781) Chess.com INT 2018}) 19. Rh4 Qxe4 (19... Nd7 $1 $14 {deserves consideration.}) 20. Nxe4 $16 Nd7 {[#]} 21. dxe6 $1 Bxe4 22. exd7+ Kxd7 23. Rxg4 Bxg2 24. Rg7+ Kc6 {[#]} 25. Bxd6 {[%mdl 512]} Rag8 26. Rxg8 {White is much more active.} Rxg8 {[%mdl 4096] Endgame KRB-KRB} 27. Bf4 Be4 28. a3 Rg4 29. Rd1 Rh4 30. Rg1 Bf5 31. Rg7 {[%csl Gf4][%cal Rg7c7]} Bd7 32. Rg6+ Kc5 33. Rxh6 {Black must now prevent Rh7.} Bg4+ $2 (33... Kxc4 $16 34. Kf3 (34. Bxc7 Rxh5 35. Rxh5 Bg4+ 36. f3 Bxh5 $16) 34... Be8) 34. Kd3 {Threatens to win with Bg5.} Bxh5 $2 (34... Rxh5 35. Rxh5+ Bxh5 36. Bxc7 Bf7) 35. Bg5 {Weighted Error Value: White=0.10 (very precise) /Black=0.20 (precise)} 1-0

[Event "V Copa Marcel Duchamp 2022"]
[Site "Montevideo"]
[Date "2022.02.15"]
[Round "5.10"]
[White "Sanhueza, Cristian"]
[Black "Hoffman, Alejandro"]
[Result "1/2-1/2"]
[WhiteElo "2242"]
[BlackElo "2403"]
[Annotator "TA"]
[PlyCount "39"]
[EventDate "2022.02.12"]
[EventCountry "URU"]
[SourceTitle "playchess.com"]
[Source "ChessBase"]
[SourceQuality "1"]

{[%evp 20,21,29,31]} 1. e4 c5 2. Nf3 Nc6 3. d4 cxd4 4. Nxd4 g6 5. Nc3 Bg7 6. Be3 Nf6 7. Bc4 Qa5 8. O-O O-O 9. Bb3 d6 10. h3 Bd7 11. Re1 {[#]} {Predecessor:} Rac8 $146 {B35: Sicilian: Accelerated Dragon with 5 Nc3: main line.} 12. Nd5 Rfe8 13. Nxf6+ Bxf6 14. c3 Nxd4 15. cxd4 e6 16. Qf3 Bg7 17. Qg3 d5 18. e5 Ba4 19. h4 Bxb3 20. axb3 {1-0 (31) Nakamura,H (2736)-Svidler,P (2694) Chess.com INT 2021} 1/2-1/2

[Event "V Copa Marcel Duchamp 2022"]
[Site "Montevideo"]
[Date "2022.02.15"]
[Round "5.11"]
[White "Muniz, Rafael"]
[Black "Vitoux, Colomban"]
[Result "0-1"]
[WhiteElo "2194"]
[BlackElo "2372"]
[Annotator "ChessBase"]
[PlyCount "70"]
[EventDate "2022.02.12"]
[EventCountry "URU"]
[SourceTitle "playchess.com"]
[Source "ChessBase"]
[SourceQuality "1"]
[TimeControl "5400+30"]

1. e4 {[%emt 0:05:43]} Nf6 {[%emt 0:01:09]} 2. e5 {[%emt 0:00:04]} Ng8 {[%emt 0:00:12]} 3. Nf3 {[%emt 0:00:41]} d6 {[%emt 0:00:05]} 4. d4 {[%emt 0:01:15]} Bg4 {[%emt 0:00:07]} 5. Be2 {[%emt 0:01:27]} e6 {[%emt 0:00:06]} 6. O-O {[%emt 0:01:18]} Nc6 {[%emt 0:00:05]} 7. exd6 {[%emt 0:00:55]} Bxd6 {[%emt 0:00:11]} 8. Be3 {[%emt 0:02:50]} Nf6 {[%emt 0:00:08]} 9. c4 {[%emt 0:00:26]} O-O {[%emt 0:00:11]} 10. Nc3 {[%emt 0:01:05]} Qd7 {[%emt 0:07:10]} 11. h3 {[%emt 0:02:52]} Bh5 {[%emt 0:06:47]} 12. a3 {[%emt 0:04:27]} Rfd8 {[%emt 0:04:00]} 13. d5 {[%emt 0:07:09]} exd5 {[%emt 0:03:01]} 14. Nxd5 {[%emt 0:04:47]} Nxd5 {[%emt 0:03:36]} 15. Qxd5 {[%emt 0:01:41]} Bg6 {[%emt 0:01:19]} 16. Rfe1 {[%emt 0:07:39]} Qe8 {[%emt 0:03:45]} 17. Qg5 {[%emt 0:08:08]} h6 {[%emt 0:04:46]} 18. Qg4 {[%emt 0:06:23]} Ne5 {[%emt 0:04:29]} 19. Qh4 {[%emt 0:04:49]} Nxf3+ {[%emt 0:10:47]} 20. Bxf3 {[%emt 0:00:13]} Qe5 {[%emt 0:00:40]} 21. g3 {[%emt 0:00:31]} Qxb2 {[%emt 0:00:34]} 22. a4 {[%emt 0:05:27]} Be5 {[%emt 0:17:02]} 23. Rad1 {[%emt 0:01:54]} Bf6 {[%emt 0:06:01]} 24. Qf4 {[%emt 0:05:47]} c6 {[%emt 0:00:55]} 25. Rxd8+ {[%emt 0:03:21]} Rxd8 {[%emt 0:01:25]} 26. Bxa7 {[%emt 0:02:03]} Qb4 {[%emt 0:00:16]} 27. Re2 {[%emt 0:02:53]} Ra8 {[%emt 0:02:33]} 28. Qc7 {[%emt 0:04:36]} Kh7 {[%emt 0:04:47]} 29. a5 {[%emt 0:06:13]} Bd3 {[%emt 0:05:18]} 30. Re3 {[%emt 0:01:15]} Qb1+ {[%emt 0:05:09]} 31. Kh2 {[%emt 0:01:31]} Rxa7 {[%emt 0:03:09]} 32. Qb8 {[%emt 0:01:55]} Bd4 {[%emt 0:01:01]} 33. Re8 {[%emt 0:02:17]} g5 {[%emt 0:03:20]} 34. Qd8 {[%emt 0:01:54]} Qb2 {[%emt 0:00:37]} 35. Be2 {[%emt 0:01:45]} Bxe2 {[%emt 0:01:13]} 0-1

[Event "V Copa Marcel Duchamp 2022"]
[Site "Montevideo"]
[Date "2022.02.15"]
[Round "5.12"]
[White "Carvalho, Guillermo"]
[Black "Menna Barreto, Felipe Kubiaki"]
[Result "0-1"]
[WhiteElo "2171"]
[BlackElo "2351"]
[Annotator "ChessBase"]
[PlyCount "94"]
[EventDate "2022.02.12"]
[EventCountry "URU"]
[SourceTitle "playchess.com"]
[Source "ChessBase"]
[SourceQuality "1"]
[TimeControl "5400+30"]

1. c4 {[%emt 0:00:11]} e6 {[%emt 0:00:13]} 2. d4 {[%emt 0:03:16]} Nf6 {[%emt 0:00:48]} 3. Nf3 {[%emt 0:00:30]} c5 {[%emt 0:00:25]} 4. e3 {[%emt 0:00:14]} a6 {[%emt 0:05:34]} 5. Nc3 {[%emt 0:01:55]} d5 {[%emt 0:01:11]} 6. a3 {[%emt 0:00:33]} Nc6 {[%emt 0:02:47]} 7. Bd3 {[%emt 0:00:21]} dxc4 {[%emt 0:01:06]} 8. Bxc4 {[%emt 0:00:08]} b5 {[%emt 0:00:29]} 9. Bd3 {[%emt 0:01:41]} Bb7 {[%emt 0:01:44]} 10. O-O {[%emt 0:01:20]} Rc8 {[%emt 0:18:28]} 11. Re1 {[%emt 0:35:58]} Be7 {[%emt 0:04:03]} 12. Ne4 {[%emt 0:02:21]} c4 {[%emt 0:11:49]} 13. Bc2 {[%emt 0:00:45]} Nxe4 {[%emt 0:00:38]} 14. Bxe4 {[%emt 0:00:12]} O-O {[%emt 0:00:11]} 15. Ne5 {[%emt 0:06:08]} Qc7 {[%emt 0:07:19]} 16. Nxc6 {[%emt 0:07:18]} Bxc6 {[%emt 0:00:19]} 17. Bxc6 {[%emt 0:00:47]} Qxc6 {[%emt 0:00:03]} 18. Bd2 {[%emt 0:00:39]} Rfd8 {[%emt 0:02:49]} 19. Ba5 {[%emt 0:01:32]} Rd7 {[%emt 0:02:02]} 20. Qf3 {[%emt 0:02:07]} Qxf3 {[%emt 0:06:53]} 21. gxf3 {[%emt 0:00:06]} Bd8 {[%emt 0:01:09]} 22. Bd2 {[%emt 0:05:00]} e5 {[%emt 0:03:29]} 23. Bc3 {[%emt 0:00:24]} exd4 {[%emt 0:00:19]} 24. Bxd4 {[%emt 0:00:34]} Bf6 {[%emt 0:00:23]} 25. Bxf6 {[%emt 0:03:40]} gxf6 {[%emt 0:00:14]} 26. Re2 {[%emt 0:00:21]} Rcd8 {[%emt 0:01:12]} 27. Kf1 {[%emt 0:00:29]} Rd1+ {[%emt 0:07:53]} 28. Rxd1 {[%emt 0:03:23]} Rxd1+ {[%emt 0:00:03]} 29. Kg2 Kf8 {[%emt 0:01:00]} 30. Kg3 {[%emt 0:04:11]} Ke7 {[%emt 0:00:50]} 31. Kf4 {[%emt 0:00:09]} Ke6 {[%emt 0:01:04]} 32. Rc2 {[%emt 0:00:20]} Rh1 {[%emt 0:02:54]} 33. a4 {[%emt 0:00:58]} Rxh2 {[%emt 0:00:33]} 34. axb5 {[%emt 0:00:08]} axb5 {[%emt 0:00:03]} 35. Ke4 {[%emt 0:00:41]} Rh5 {[%emt 0:01:06]} 36. f4 {[%emt 0:04:04]} Rc5 {[%emt 0:03:14]} 37. f5+ {[%emt 0:00:53]} Rxf5 {[%emt 0:00:41]} 38. f4 {[%emt 0:00:10]} Rc5 {[%emt 0:00:41]} 39. Rh2 {[%emt 0:02:52]} f5+ {[%emt 0:00:34]} 40. Kf3 {[%emt 0:01:07]} b4 {[%emt 0:00:38]} 41. Ke2 {[%emt 0:00:26]} c3 {[%emt 0:05:50]} 42. bxc3 {[%emt 0:00:19]} bxc3 {[%emt 0:00:02]} 43. Kd1 {[%emt 0:00:14]} c2+ {[%emt 0:00:06]} 44. Kc1 {[%emt 0:00:06]} Kd5 {[%emt 0:02:45]} 45. Rxh7 {[%emt 0:00:26]} Ke4 {[%emt 0:00:22]} 46. Rh1 {[%emt 0:06:01]} Kxe3 {[%emt 0:00:33]} 47. Re1+ {[%emt 0:00:31]} Kxf4 {[%emt 0:00:17]} 0-1

[Event "V Copa Marcel Duchamp 2022"]
[Site "Montevideo"]
[Date "2022.02.15"]
[Round "5.13"]
[White "Lujan, Carolina"]
[Black "Brizzi, Milagros Tatiana"]
[Result "1/2-1/2"]
[WhiteElo "2334"]
[BlackElo "2063"]
[Annotator "TA"]
[PlyCount "57"]
[EventDate "2022.02.12"]
[EventCountry "URU"]
[SourceTitle "playchess.com"]
[Source "ChessBase"]
[SourceQuality "1"]

{[%evp 11,57,30,27,-7,13,22,17,0,6,15,28,12,34,12,31,31,47,40,36,34,48,50,67,19,25,18,51,-3,-3,-3,0,-3,-3,-3,-3,-3,-3,-73,-70,-66,-3,-3,0,0,-10,-44,-39,-28]} 1. e4 c6 2. d4 d5 3. e5 Bf5 4. h4 h5 5. Bd3 Bxd3 6. Qxd3 e6 {6...Qa5+ injects fresh life into this line.} 7. Bg5 {B12: Caro-Kann: Advance Variation.} Be7 8. Nf3 Nh6 9. c4 {The position is equal.} Nf5 10. Nc3 Na6 {[#]} 11. a3 $146 {To avoid Nb4} ({Predecessor:} 11. c5 Nc7 12. g3 b5 13. Bd2 a5 14. Ng5 b4 15. Ne2 Nb5 16. f3 Rf8 17. O-O-O {1-0 (56) Lu,S (2611)-Cruz Lledo,P (2452) Roquetas de Mar 2020}) 11... Qd7 12. Rd1 Nc7 13. g3 Rd8 14. O-O O-O 15. Bxe7 Qxe7 16. c5 Rb8 17. Rfe1 (17. Na2 $14 {might be stronger.}) 17... b6 $11 18. b4 bxc5 19. dxc5 ({Better is} 19. bxc5 $14 Rfc8 20. Rb1) 19... a5 20. Rb1 Nb5 21. Ne2 ({Reject} 21. bxa5 Qxc5 22. Nxb5 Rxb5 23. Rxb5 cxb5 $15) 21... axb4 22. axb4 Ra8 23. Ra1 {To avoid Ra3} Qb7 24. Ned4 (24. Kg2 $11) 24... Nbxd4 25. Nxd4 Nxd4 (25... Rxa1 $15 26. Rxa1 Qxb4 27. Nxf5 exf5 28. Qxf5 Qxc5) 26. Qxd4 Rxa1 27. Rxa1 Rb8 28. Rb1 Qb5 29. Kg2 {Weighted Error Value: White=0.19 (very precise) /Black=0.12 (very precise)} 1/2-1/2

[Event "V Copa Marcel Duchamp 2022"]
[Site "Montevideo"]
[Date "2022.02.15"]
[Round "5.14"]
[White "Granara Barreto, Sebastian"]
[Black "Vazquez, Facundo"]
[Result "0-1"]
[WhiteElo "2131"]
[BlackElo "2319"]
[Annotator "TA"]
[PlyCount "42"]
[EventDate "2022.02.12"]
[EventCountry "URU"]
[SourceTitle "playchess.com"]
[Source "ChessBase"]
[SourceQuality "1"]

{[%evp 11,42,0,0,0,0,0,10,0,3,0,11,0,0,-34,-41,-76,-85,-127,-120,-128,-105,-112,-119,-152,-118,-123,-130,-122,-131,-160,-152,-277,-289]} 1. c4 {Mekhitarian,K} e5 2. Nc3 Nf6 3. Nf3 Nc6 4. e3 Bb4 5. Qc2 Bxc3 6. bxc3 O-O 7. d3 {A28: English Opening: Four Knights Variation.} d6 8. Be2 Re8 9. e4 {The position is equal.} Ne7 10. Nh4 {[#]} c6 $146 ({Predecessor:} 10... Ng6 11. Nxg6 hxg6 12. O-O c6 13. f4 b5 14. cxb5 cxb5 15. h3 Qb6+ 16. Kh2 Be6 {1-0 (40) Aronian,L (2799)-Matlakov,M (2728) Tbilisi 2017 CBM 181 [Mekhitarian,K]}) 11. O-O d5 12. f4 dxc4 $1 13. dxc4 exf4 14. e5 (14. Bxf4 $142 Ng6 15. Nxg6 hxg6 16. Bf3) 14... Ng4 $17 15. Bxg4 {[%cal Oe5e6] [#] Threatens to win with e6!} Bxg4 16. Bxf4 Qb6+ 17. Kh1 Qc5 18. Qb3 Be2 {[%csl LRc4,LRf1]} 19. Rfe1 Qxc4 20. Bg5 Qg4 21. e6 {[#]} (21. Bxe7 $17 {was necessary.} Rxe7 22. h3) 21... f6 $1 {Weighted Error Value: White=0.22 (precise) /Black=0.04 (flawless)} ({Stronger than} 21... fxe6 22. Bxe7 Rxe7 23. h3 $17) 0-1

[Event "V Copa Marcel Duchamp 2022"]
[Site "Montevideo"]
[Date "2022.02.15"]
[Round "5.15"]
[White "Lopez Azambuja, Nicolas"]
[Black "Araque, Jairo"]
[Result "1-0"]
[WhiteElo "2318"]
[BlackElo "1970"]
[Annotator "TA"]
[PlyCount "57"]
[EventDate "2022.02.12"]
[EventCountry "URU"]
[SourceTitle "playchess.com"]
[Source "ChessBase"]
[SourceQuality "1"]

{[%evp 16,57,63,39,56,22,54,25,15,-10,-1,-28,97,77,71,77,133,133,115,104,110,101,116,48,158,149,142,0,246,233,271,236,583,568,817,814,1321,1310,1502,1491,1401,1384,29990,29991]} 1. d4 Nf6 2. c4 g6 3. Nc3 Bg7 4. e4 d6 5. Be2 O-O 6. Be3 c5 7. d5 Qa5 8. Bd2 a6 9. a4 Qd8 {E74: King's Indian: Averbakh Variation: 6...c5.} 10. h3 {[#]} a5 $146 ({Predecessor:} 10... e6 11. Nf3 exd5 12. exd5 h6 13. O-O b6 14. Bd3 Ra7 15. Re1 Re8 16. Rxe8+ Nxe8 17. Qc1 {½-½ (25) Kovacs,E (2320)-Zila,L (2235) Hungary 1996}) 11. f4 Na6 {White has an edge.} 12. g4 {[%cal Bg2g4,Bg4g5][%mdl 32]} e6 13. g5 Nxe4 14. Nxe4 $16 {Strongly threatening Bc3.} exd5 15. cxd5 Re8 ({Better is} 15... Bxb2 16. Rb1 Bf5 17. Rxb2 Bxe4) 16. Ng3 Bxb2 17. Rb1 Bg7 18. Kf2 Nb4 {[#]} 19. Qb3 (19. Bc4 $1 $16) 19... f6 (19... Bd7 $1 $14) 20. Nf3 ({Don't blunder} 20. Bxb4 $2 axb4 21. f5 Bd7 $19) 20... Bd7 21. Rbe1 (21. Kg2 $16) 21... Rc8 $2 (21... f5 $1 $11 {and Black has nothing to worry.}) 22. Bc4 $18 Rxe1 23. Rxe1 Bxh3 $2 (23... f5 {is tougher.} 24. h4 Qf8) 24. Bc3 Bg4 25. Ne4 Bxf3 26. Nxf6+ Bxf6 27. Bxf6 Qd7 28. Qxf3 {[#] Re7 would kill now.} Qxa4 29. Qh3 {Weighted Error Value: White=0.22 (precise) /Black=1.02} 1-0

[Event "V Copa Marcel Duchamp 2022"]
[Site "Montevideo"]
[Date "2022.02.15"]
[Round "5.16"]
[White "Elena, Eduardo"]
[Black "Spata, German"]
[Result "0-1"]
[WhiteElo "1712"]
[BlackElo "2300"]
[Annotator "ChessBase"]
[PlyCount "56"]
[EventDate "2022.02.12"]
[EventCountry "URU"]
[SourceTitle "playchess.com"]
[Source "ChessBase"]
[SourceQuality "1"]
[TimeControl "5400+30"]

1. e4 {[%emt 0:02:02]} c5 {[%emt 0:00:35]} 2. Nf3 {[%emt 0:00:06]} d6 {[%emt 0:00:14]} 3. d4 {[%emt 0:00:05]} cxd4 {[%emt 0:00:06]} 4. Nxd4 {[%emt 0:00:04]} Nf6 {[%emt 0:00:05]} 5. Nc3 {[%emt 0:00:05]} a6 {[%emt 0:00:05]} 6. Bg5 {[%emt 0:00:10]} e6 {[%emt 0:00:17]} 7. f4 {[%emt 0:01:11]} h6 {[%emt 0:00:30]} 8. Bxf6 {[%emt 0:02:17]} Qxf6 {[%emt 0:00:03]} 9. Qd2 {[%emt 0:00:49]} g5 {[%emt 0:00:16]} 10. fxg5 {[%emt 0:02:20]} Qxg5 {[%emt 0:00:44]} 11. Qd3 {[%emt 0:06:22]} Nd7 {[%emt 0:06:36]} 12. Nf3 {[%emt 0:01:48]} Qc5 {[%emt 0:04:31]} 13. O-O-O {[%emt 0:12:16]} b5 {[%emt 0:00:11]} 14. g3 {[%emt 0:09:52]} Bb7 {[%emt 0:01:47]} 15. Bg2 {[%emt 0:01:16]} O-O-O {[%emt 0:01:26]} 16. Rhf1 {[%emt 0:01:43]} Be7 {[%emt 0:02:50]} 17. Rd2 {[%emt 0:02:45]} Ne5 {[%emt 0:06:12]} 18. Qe2 {[%emt 0:04:22]} Nxf3 {[%emt 0:07:50]} 19. Qxf3 {[%emt 0:04:44]} Bg5 {[%emt 0:02:00]} 20. Qxf7 {[%emt 0:01:06]} Rde8 {[%emt 0:10:55]} 21. Kd1 {[%emt 0:07:04]} Bxd2 {[%emt 0:05:02]} 22. Kxd2 {[%emt 0:00:09]} Rhf8 {[%emt 0:05:15]} 23. Qg6 {[%emt 0:03:53]} Qd4+ {[%emt 0:07:41]} 24. Ke2 {[%emt 0:01:00]} Bc6 {[%emt 0:07:21]} 25. Rxf8 {[%emt 0:07:30]} Rxf8 {[%emt 0:01:54]} 26. Nd1 {[%emt 0:00:13]} b4 {[%emt 0:02:08]} 27. Bh3 {[%emt 0:05:51]} Bb5+ {[%emt 0:02:10]} 28. Ke1 {[%emt 0:02:08]} Qg1+ {[%emt 0:00:08]} 0-1

[Event "V Copa Marcel Duchamp 2022"]
[Site "Montevideo"]
[Date "2022.02.15"]
[Round "5.17"]
[White "Coppola, Claudio"]
[Black "Garcia, Luis E."]
[Result "1-0"]
[WhiteElo "2285"]
[BlackElo "2192"]
[Annotator "ChessBase"]
[PlyCount "59"]
[EventDate "2022.02.12"]
[EventCountry "URU"]
[SourceTitle "playchess.com"]
[Source "ChessBase"]
[SourceQuality "1"]
[TimeControl "5400+30"]

1. d4 {[%emt 0:18:20]} Nf6 {[%emt 0:00:08]} 2. c4 {[%emt 0:00:17]} c5 {[%emt 0:00:11]} 3. d5 {[%emt 0:00:04]} b5 {[%emt 0:00:10]} 4. cxb5 {[%emt 0:00:04]} a6 {[%emt 0:00:11]} 5. bxa6 {[%emt 0:00:03]} Bxa6 {[%emt 0:00:08]} 6. Nc3 {[%emt 0:00:12]} d6 {[%emt 0:00:17]} 7. Nf3 {[%emt 0:00:16]} g6 {[%emt 0:00:06]} 8. e4 {[%emt 0:00:04]} Bxf1 {[%emt 0:00:12]} 9. Kxf1 {[%emt 0:00:02]} Bg7 {[%emt 0:00:15]} 10. g3 {[%emt 0:00:03]} Nbd7 {[%emt 0:00:28]} 11. Kg2 {[%emt 0:00:04]} O-O {[%emt 0:00:08]} 12. a4 {[%emt 0:00:13]} Ng4 {[%emt 0:01:14]} 13. Qc2 {[%emt 0:05:53]} Qa5 {[%emt 0:02:02]} 14. Bg5 {[%emt 0:04:40]} Rfe8 {[%emt 0:08:06]} 15. Nb5 {[%emt 0:02:14]} Rab8 {[%emt 0:09:07]} 16. Rhe1 {[%emt 0:17:37]} Qb6 {[%emt 0:10:22]} 17. h3 Nge5 {[%emt 0:04:47]} 18. Nd2 {[%emt 0:03:23]} h6 {[%emt 0:06:30]} 19. Be3 {[%emt 0:00:30]} g5 {[%emt 0:00:43]} 20. f4 {[%emt 0:07:00]} gxf4 {[%emt 0:01:48]} 21. gxf4 {[%emt 0:00:03]} Ng6 {[%emt 0:00:45]} 22. Nc4 {[%emt 0:00:12]} Qb7 {[%emt 0:09:17]} 23. Na5 {[%emt 0:04:52]} Qa8 {[%emt 0:02:25]} 24. Nc6 {[%emt 0:07:56]} Rb7 {[%emt 0:02:35]} 25. Rg1 {[%emt 0:03:10]} Kh8 {[%emt 0:02:54]} 26. Kh1 {[%emt 0:01:54]} Nb6 {[%emt 0:08:53]} 27. f5 {[%emt 0:02:49]} Ne5 {[%emt 0:07:24]} 28. Nxe5 {[%emt 0:02:20]} Bxe5 {[%emt 0:06:06]} 29. Bxh6 {[%emt 0:00:26]} Rg8 {[%emt 0:03:11]} 30. Qe2 1-0